| 000 | 00794cam a22002171 4500 | ||
|---|---|---|---|
| 001 | ne 67000881 | ||
| 003 | DLC | ||
| 005 | 20260227111831.0 | ||
| 008 | 910222m19539999ir abc b 000 0 perr | ||
| 010 | _ane 67000881 | ||
| 035 | _a(OCoLC)23138989 | ||
| 040 |
_aDLC _cCU _dCU _dOCoLC _dDLC |
||
| 043 | _aa-ir--- | ||
| 050 | 0 | 0 |
_aDS324.K49 _bS4 |
| 100 | 1 |
_aShūshtarī, Muḥammad ʻAlī Imām, _d1864 or 1865-1972. |
|
| 245 | 1 | 0 |
_aTārīkh-i jughrāfiyāʼī-i Khūzistān, _cNivishtah-i S. Muḥammad ʻAlī Imām Shūshtarī. |
| 260 |
_a[Tihrān] _bMuʼassasah-i Maṭbūʻāt Amīr Kabīr, _c1331- [1953- ] |
||
| 300 |
_av. <1> _billus., geneal. table, maps (1 fold.) ports. _c25 cm. |
||
| 504 | _aBibliography: v. 1, p. [273]-275. | ||
| 651 | 0 |
_aKhūzistān (Iran) _xDescription and travel. |
|
| 999 |
_c49573 _d49573 |
||